[Event "Quebec op"]
[Site "Montreal CAN"]
[Date "1983.07.31"]
[Round "8"]
[White "Rousseau, Daniel"]
[Black "Alain, Benoit"]
[Result "1-0"]
[WhiteElo "1978"]
[BlackElo "1831"]
[PlyCount "63"]
[GameId "2160767912810306"]
[EventDate "1983.07.24"]
[EventType "swiss"]
[EventRounds "8"]
[EventCountry "CAN"]
[SourceTitle "hb 2011"]

1. e4 c5 2. Nf3 d6 3. d4 cxd4 4. Nxd4 Nf6 5. Nc3 g6 6. Be3 Bg7 7. f3 O-O 8. Qd2 Nc6 9. O-O-O d5 10. exd5 Nxd5 11. Nxc6 bxc6 12. Bd4 e5 13. Bc5 Be6 14. Ne4 Rb8 15. c4 Qc7 16. Kb1 Rfd8 17. Be2 Nf4 18. Bd6 Qb7 19. b3 Qa6 20. Bxb8 Rxb8 21. Bf1 f5 22. Nc5 Qa3 23. Qd6 Re8 24. Nxe6 Qxd6 25. Rxd6 Nxe6 26. Rxc6 Nd4 27. Rc7 e4 28. fxe4 fxe4 29. c5 Kh8 30. Bc4 Be5 31. Rd7 Bf6 32. c6 1-0

[Event "Quebec-ch reserve"]
[Site "Montreal CAN"]
[Date "1983.06.09"]
[Round "1"]
[White "Sasseville, Jean"]
[Black "Rousseau, Daniel"]
[Result "1-0"]
[WhiteElo "2088"]
[BlackElo "2105"]
[PlyCount "91"]
[GameId "2160767912810565"]
[EventDate "1983.06.09"]
[EventType "tourn"]
[EventRounds "7"]
[EventCountry "CAN"]

1. c4 c5 2. Nc3 Nf6 3. Nf3 Nc6 4. d4 cxd4 5. Nxd4 g6 6. e3 Bg7 7. Be2 O-O 8. O-O d6 9. Bf3 Ne5 10. b3 Nxf3+ 11. Qxf3 Qa5 12. Bb2 Rb8 13. e4 Bd7 14. a4 Qc5 15. Qd3 a6 16. a5 Ng4 17. Nd5 Rfe8 18. b4 Ne5 19. Qe3 Qxc4 20. Rfc1 Qd3 21. Qe1 f5 22. exf5 Bxf5 23. Rc7 e6 24. Nb6 Qe4 25. Qxe4 Bxe4 26. Re1 d5 27. Rxg7+ Kxg7 28. Nf3 Bxf3 29. Bxe5+ Kf7 30. Bxb8 Rxb8 31. gxf3 Rd8 32. Rc1 d4 33. Kf1 Kf6 34. Rc7 Ke5 35. Ke2 Kd6 36. Rc5 Rf8 37. Nc4+ Kd7 38. Ne5+ Kd6 39. Nd3 Rf7 40. f4 Rf5 41. Rxf5 exf5 42. Kd2 Kc6 43. Kc2 b6 44. axb6 Kxb6 45. Kb3 Kb5 46. Ne5 1-0

[Event "Quebec-ch reserve"]
[Site "Montreal CAN"]
[Date "1983.06.10"]
[Round "2"]
[White "Marchand, Jacques"]
[Black "Rousseau, Daniel"]
[Result "1-0"]
[WhiteElo "2003"]
[BlackElo "2105"]
[PlyCount "71"]
[GameId "2160767912810568"]
[EventDate "1983.06.09"]
[EventType "tourn"]
[EventRounds "7"]
[EventCountry "CAN"]

1. Nf3 Nf6 2. c4 c5 3. Nc3 d5 4. cxd5 Nxd5 5. e4 Nb4 6. Bc4 N8c6 7. O-O e6 8. d3 Be7 9. a3 Na6 10. Be3 O-O 11. d4 cxd4 12. Nxd4 Ne5 13. Be2 Bd7 14. f4 Nc6 15. b4 Nc7 16. Nb3 Re8 17. Ra2 Qc8 18. Rc2 Bf8 19. b5 Ne7 20. Na4 Qb8 21. Qxd7 Ned5 22. b6 axb6 23. exd5 Nxd5 24. Bf2 Qxf4 25. Bd4 Re7 26. Rxf4 Rxd7 27. Bb5 Rdd8 28. Rf3 f6 29. Nxb6 Rxa3 30. Nxd5 exd5 31. Bc5 Bxc5+ 32. Nxc5 Ra7 33. Ne6 Rd6 34. Rc8+ Kf7 35. Nd8+ Kg6 36. Be8+ 1-0

[Event "Quebec-ch reserve"]
[Site "Montreal CAN"]
[Date "1983.06.12"]
[Round "3"]
[White "Rousseau, Daniel"]
[Black "Picard, Claude"]
[Result "0-1"]
[WhiteElo "2105"]
[BlackElo "1977"]
[PlyCount "118"]
[GameId "2160767912810571"]
[EventDate "1983.06.09"]
[EventType "tourn"]
[EventRounds "7"]
[EventCountry "CAN"]

1. e4 e6 2. d4 d5 3. Nd2 Nc6 4. Ngf3 Nf6 5. e5 Nd7 6. c3 f6 7. exf6 Qxf6 8. Bb5 Nd8 9. Nb3 Nf7 10. h4 c6 11. Bg5 Qf5 12. Bd3 Qg4 13. Be2 Qxg2 14. Rh2 Qg4 15. Ne5 Qg1+ 16. Bf1 Qxh2 17. Nxf7 Kxf7 18. Qf3+ Nf6 19. O-O-O Qc7 20. Bd3 Be7 21. Rg1 b6 22. Qg2 Ke8 23. Nd2 Rf8 24. Nf3 a5 25. Ne5 Ra7 26. Bf4 Bd6 27. Bh2 Bxe5 28. dxe5 Ne4 29. f3 Nc5 30. Bxh7 Qe7 31. Qg4 Ba6 32. Kc2 Kd8 33. h5 Be2 34. Rg3 g5 35. hxg6 Bd3+ 36. Kd2 Bf5 37. Qh5 Qg7 38. Qh4+ Re7 39. Bg1 Nd7 40. Be3 Bxg6 41. Bxg6 Rh8 42. Bh5 Rxh5 43. Rxg7 Rxh4 44. Bg5 Rh2+ 45. Kc1 Nxe5 46. Rxe7 Nd3+ 47. Kd1 Nxb2+ 48. Kc1 Nd3+ 49. Kd1 Rxa2 50. f4 Nf2+ 51. Kc1 Ne4 52. Rxe6+ Nxg5 53. Rxc6 Ne4 54. Rxb6 Kc7 55. Ra6 Nxc3 56. f5 d4 57. f6 d3 58. Ra7+ Kb6 59. Rd7 Rc2# 0-1

[Event "Quebec-ch reserve"]
[Site "Montreal CAN"]
[Date "1983.06.14"]
[Round "4"]
[White "Finta, Robert"]
[Black "Rousseau, Daniel"]
[Result "1-0"]
[WhiteElo "2088"]
[BlackElo "2105"]
[PlyCount "77"]
[GameId "2160767912810576"]
[EventDate "1983.06.09"]
[EventType "tourn"]
[EventRounds "7"]
[EventCountry "CAN"]

1. e4 e5 2. f4 exf4 3. Nf3 Nf6 4. Nc3 d5 5. exd5 Nxd5 6. Nxd5 Qxd5 7. d4 Be7 8. Bd3 Bg4 9. Bxf4 Nc6 10. c3 O-O-O 11. O-O g5 12. Bg3 h5 13. Qb3 Qd7 14. Qxf7 Rdf8 15. Qc4 Bxf3 16. Rxf3 Rxf3 17. gxf3 h4 18. Bf2 Bd6 19. Re1 Nd8 20. Qb5 Qg7 21. Bf5+ Kb8 22. Qd7 Qxd7 23. Bxd7 Rh7 24. Bg4 c6 25. Re4 Nf7 26. Re8+ Kc7 27. Rc8+ Kb6 28. c4 Bf4 29. d5+ Ka5 30. dxc6 Nd6 31. Be1+ Ka6 32. cxb7 Kxb7 33. Rd8 Nxc4 34. Bc3 Kc6 35. Bf5 Re7 36. Be4+ Kc7 37. Rd5 Be3+ 38. Kg2 Bb6 39. Rxg5 1-0

[Event "Quebec-ch reserve"]
[Site "Montreal CAN"]
[Date "1983.06.16"]
[Round "5"]
[White "Rousseau, Daniel"]
[Black "Dorion, Paul"]
[Result "1/2-1/2"]
[WhiteElo "2105"]
[BlackElo "1792"]
[PlyCount "46"]
[GameId "2160767912810579"]
[EventDate "1983.06.09"]
[EventType "tourn"]
[EventRounds "7"]
[EventCountry "CAN"]

1. e4 e5 2. Nf3 Nc6 3. Bb5 a6 4. Ba4 Nf6 5. d4 exd4 6. O-O Be7 7. Re1 O-O 8. e5 Ne8 9. Bf4 b5 10. Bb3 d6 11. Bd5 Bb7 12. Nxd4 Nxd4 13. Bxb7 Ra7 14. Bd5 dxe5 15. Rxe5 Ne6 16. Be3 c5 17. Nc3 Qb8 18. Rf5 Rd7 19. Qe2 N8c7 20. Bf3 Qd8 21. Re1 g6 22. Re5 Bf6 23. Re4 Nd4 1/2-1/2

[Event "Quebec-ch reserve"]
[Site "Montreal CAN"]
[Date "1983.06.17"]
[Round "6"]
[White "Billard, Michel"]
[Black "Rousseau, Daniel"]
[Result "1-0"]
[WhiteElo "1953"]
[BlackElo "2105"]
[PlyCount "55"]
[GameId "2160767912810582"]
[EventDate "1983.06.09"]
[EventType "tourn"]
[EventRounds "7"]
[EventCountry "CAN"]

1. f4 c5 2. Nf3 Nc6 3. e4 d6 4. d3 g6 5. g3 Bg7 6. Bg2 e5 7. c3 Nge7 8. O-O O-O 9. Be3 b6 10. Nbd2 d5 11. Qc2 Ba6 12. Nxe5 Nxe5 13. fxe5 Bxe5 14. Nf3 Bg7 15. Rad1 Qd7 16. c4 dxe4 17. dxe4 Qe6 18. b3 Nc6 19. Ng5 Qe7 20. e5 Bb7 21. Nxf7 Nb4 22. Qf2 Rab8 23. Bg5 Qc7 24. e6 Bxg2 25. Qxg2 Rbe8 26. Nh6+ Kh8 27. Rxf8+ Rxf8 28. Rd7 1-0

[Event "Quebec-ch reserve"]
[Site "Montreal CAN"]
[Date "1983.06.19"]
[Round "7"]
[White "Rousseau, Daniel"]
[Black "Roy, Guy"]
[Result "0-1"]
[WhiteElo "2105"]
[BlackElo "2023"]
[PlyCount "64"]
[GameId "2160767912810588"]
[EventDate "1983.06.09"]
[EventType "tourn"]
[EventRounds "7"]
[EventCountry "CAN"]

1. Nf3 d5 2. d4 Nf6 3. c4 e6 4. Nc3 c6 5. Bg5 Nbd7 6. e3 Qa5 7. Nd2 Bb4 8. Qc2 O-O 9. Be2 e5 10. O-O exd4 11. exd4 dxc4 12. Bh4 b5 13. a3 Bxc3 14. bxc3 Nd5 15. Rfc1 Qc7 16. Bg3 Qd8 17. a4 f5 18. Bd6 Rf6 19. Be5 Nxe5 20. dxe5 Rg6 21. Nf3 Qc7 22. Qd2 Bb7 23. Re1 Rd8 24. Nd4 Ne7 25. Bh5 Rxg2+ 26. Kxg2 c5+ 27. Bf3 cxd4 28. cxd4 Bxf3+ 29. Kxf3 Qc6+ 30. Kg3 c3 31. Qa2+ Kf8 32. axb5 Qg6+ 0-1

[Event "Rive-Sud"]
[Site "Longueuil CAN"]
[Date "1983.05.28"]
[Round "1"]
[White "Maurer, Serge"]
[Black "Rousseau, Daniel"]
[Result "1-0"]
[WhiteElo "1732"]
[BlackElo "2118"]
[PlyCount "99"]
[GameId "2160767912810605"]
[EventDate "1983.05.28"]
[EventType "swiss"]
[EventRounds "5"]
[EventCountry "CAN"]
[SourceTitle "hb 2011"]

1. Nf3 Nf6 2. g3 d5 3. Bg2 e6 4. d4 c5 5. O-O Nc6 6. c3 Be7 7. Re1 O-O 8. Nbd2 cxd4 9. Nxd4 e5 10. Nxc6 bxc6 11. c4 Be6 12. Nf3 e4 13. Nd4 Qb6 14. Nxe6 fxe6 15. e3 Nd7 16. Bxe4 Rf7 17. cxd5 cxd5 18. Bg2 Raf8 19. Rf1 Ne5 20. Qe2 Bc5 21. Rb1 Nf3+ 22. Bxf3 Rxf3 23. Kg2 e5 24. b4 d4 25. Qc4+ Kh8 26. Qxc5 Qg6 27. Rb2 Qe4 28. Kg1 h5 29. exd4 exd4 30. Qxh5+ Kg8 31. Qh4 Qd5 32. Rd2 d3 33. Qh3 R8f5 34. Qg2 Qd4 35. a3 Rf8 36. Bb2 Qd7 37. Rfd1 Qf5 38. Bd4 a6 39. Be3 Rd8 40. Qf1 Re8 41. Qxd3 Qh3 42. Qd5+ Rf7 43. Rc1 Kf8 44. Qg2 Qf5 45. Rcd1 Qc8 46. Bc5+ Kg8 47. Qd5 Qc7 48. Rd4 Kh7 49. Qh5+ Kg8 50. Rh4 1-0

[Event "Printanier/Spring op"]
[Site "Montreal CAN"]
[Date "1983.05.21"]
[Round "2"]
[White "Rousseau, Daniel"]
[Black "Ber, Yves"]
[Result "1-0"]
[WhiteElo "2118"]
[BlackElo "1900"]
[PlyCount "93"]
[GameId "2160767912810635"]
[EventDate "1983.05.21"]
[EventType "swiss"]
[EventRounds "6"]
[EventCountry "CAN"]
[SourceTitle "hb 2011"]

1. e4 d6 2. d4 g6 3. c4 Bg7 4. Nc3 Nf6 5. f3 O-O 6. Be3 e5 7. d5 Nh5 8. Qd2 a6 9. O-O-O Bd7 10. Nge2 b5 11. g4 Nf6 12. Ng3 bxc4 13. h4 Ne8 14. Bh6 f6 15. Bxc4 Bb5 16. Bxg7 Nxg7 17. Bd3 Bxd3 18. Qxd3 Nd7 19. Qd2 Rb8 20. Rh3 Rb4 21. Rdh1 Qb8 22. g5 Nc5 23. Nd1 Rd4 24. Qc2 Qb5 25. h5 fxg5 26. hxg6 hxg6 27. Rh8+ Kf7 28. Rxf8+ Kxf8 29. Ne2 Rb4 30. Nec3 Qc4 31. Qd2 Nd3+ 32. Kb1 Nf4 33. Rg1 Kf7 34. Rxg5 Qf1 35. Qf2 Qd3+ 36. Qc2 Qxf3 37. a3 Rd4 38. Qb3 Kf6 39. Rg1 Ne2 40. Re1 Nxc3+ 41. Nxc3 Nh5 42. Qb8 Qd3+ 43. Ka1 Qc4 44. Qf8+ Kg5 45. Rg1+ Ng3 46. Rxg3+ Kh4 47. Qf3 1-0

[Event "Printanier/Spring op"]
[Site "Montreal CAN"]
[Date "1983.05.22"]
[Round "4"]
[White "Rousseau, Daniel"]
[Black "Balla, Thomas"]
[Result "0-1"]
[WhiteElo "2118"]
[BlackElo "1840"]
[PlyCount "58"]
[GameId "2160767912810637"]
[EventDate "1983.05.21"]
[EventType "swiss"]
[EventRounds "6"]
[EventCountry "CAN"]
[SourceTitle "hb 2011"]

1. e4 c5 2. Nf3 d6 3. d4 cxd4 4. Nxd4 Nf6 5. Nc3 a6 6. Be2 Nbd7 7. Be3 b5 8. a4 b4 9. Nc6 Qc7 10. Nxb4 e6 11. Nd3 Bb7 12. f3 Be7 13. a5 O-O 14. O-O d5 15. exd5 Nxd5 16. Nxd5 Bxd5 17. Qd2 Bf6 18. c4 Bb7 19. Rac1 Rfd8 20. b4 h5 21. Qc2 h4 22. Nc5 Nxc5 23. Bxc5 Bd4+ 24. Bxd4 Rxd4 25. Rfd1 Rf4 26. Qd2 Qe5 27. Qd6 Qe3+ 28. Kh1 h3 29. Bf1 Rxf3 0-1

[Event "Printanier/Spring op"]
[Site "Montreal CAN"]
[Date "1983.05.23"]
[Round "5"]
[White "Quance, Robert"]
[Black "Rousseau, Daniel"]
[Result "0-1"]
[WhiteElo "1901"]
[BlackElo "2118"]
[PlyCount "76"]
[GameId "2160767912810640"]
[EventDate "1983.05.21"]
[EventType "swiss"]
[EventRounds "6"]
[EventCountry "CAN"]
[SourceTitle "hb 2011"]

1. d4 Nf6 2. c4 g6 3. Nc3 Bg7 4. g3 O-O 5. Bg2 d6 6. Nf3 Nbd7 7. O-O e5 8. Qc2 Re8 9. dxe5 dxe5 10. Rd1 c6 11. a4 a5 12. Rb1 Qe7 13. b3 Nc5 14. e4 Na6 15. Be3 h6 16. Qd2 Ng4 17. Ne2 Nxe3 18. Qxe3 Qc7 19. Ne1 Bg4 20. f3 Bf8 21. Nd3 Be6 22. Kh1 Rad8 23. f4 f6 24. Ng1 Rd4 25. Nf3 Red8 26. f5 gxf5 27. Bh3 Nc5 28. Nxc5 Rxd1+ 29. Rxd1 Rxd1+ 30. Kg2 Bxc5 31. Qxc5 Rd3 32. exf5 Bf7 33. Nh4 b6 34. Qf2 Qd8 35. Kg1 Rxb3 36. Ng6 Rb1+ 37. Kg2 Bxc4 38. Kf3 Qd1+ 0-1

[Event "Printanier/Spring op"]
[Site "Montreal CAN"]
[Date "1983.05.23"]
[Round "6"]
[White "Rousseau, Daniel"]
[Black "Morin, Yves"]
[Result "1-0"]
[WhiteElo "2118"]
[BlackElo "1745"]
[PlyCount "69"]
[GameId "2160767912810644"]
[EventDate "1983.05.21"]
[EventType "swiss"]
[EventRounds "6"]
[EventCountry "CAN"]
[SourceTitle "hb 2011"]

1. e4 Nc6 2. Nf3 e5 3. Bb5 a6 4. Ba4 Nf6 5. d4 b5 6. Bb3 exd4 7. e5 Ng4 8. O-O d5 9. c3 Be7 10. cxd4 Na5 11. Bc2 Be6 12. Nc3 h5 13. Ne2 g5 14. Ng3 Nh6 15. Nxh5 Kf8 16. Nf6 g4 17. Ng5 Bxf6 18. exf6 Qxf6 19. Nh7+ Rxh7 20. Bxh7 Nc4 21. b3 Nd6 22. Ba3 Kg7 23. Bd3 Ndf5 24. Rc1 Rh8 25. Qd2 Ng8 26. Qf4 Qh4 27. Rfe1 Nge7 28. Bxf5 Nxf5 29. Rxc7 Kg6 30. Rc6 Nxd4 31. Qxd4 Qxh2+ 32. Kf1 Re8 33. Bb2 Qh1+ 34. Ke2 Qh4 35. Kd1 1-0

[Event "Tournoi de l'Est 4"]
[Site "Montreal CAN"]
[Date "1983.05.13"]
[Round "2"]
[White "Rousseau, Daniel"]
[Black "Forest, Charles"]
[Result "1-0"]
[WhiteElo "2118"]
[BlackElo "1767"]
[PlyCount "71"]
[GameId "2160767912810652"]
[EventDate "1983.05.13"]
[EventType "swiss"]
[EventRounds "5"]
[EventCountry "CAN"]
[SourceTitle "EXT 2022"]
[Source "ChessBase"]
[SourceDate "2021.10.06"]
[SourceVersion "1"]
[SourceVersionDate "2021.10.06"]
[SourceQuality "1"]

1. e4 e5 2. Nf3 Nc6 3. Bb5 a6 4. Ba4 Nf6 5. O-O Be7 6. Re1 b5 7. Bb3 O-O 8. a4 b4 9. d3 d6 10. h3 Na5 11. Ba2 Rb8 12. Nbd2 c5 13. Nc4 Bd7 14. Ne3 Qc8 15. Bd2 Nb7 16. c3 bxc3 17. bxc3 Nd8 18. d4 Nc6 19. Nd5 Bd8 20. Bg5 cxd4 21. Bxf6 Bxf6 22. Nxf6+ gxf6 23. cxd4 Bxh3 24. gxh3 Qxh3 25. Nh2 Nxd4 26. Re3 Qh4 27. Rb1 Kh8 28. Rxb8 Rxb8 29. Bxf7 Rb2 30. Qf1 Rb7 31. Bd5 Rg7+ 32. Kh1 f5 33. Qxa6 h5 34. Qxd6 Qxf2 35. Qh6+ Rh7 36. Qf8# 1-0

[Event "Tournoi de l'Est 4"]
[Site "Montreal CAN"]
[Date "1983.05.14"]
[Round "2"]
[White "Chalut, Daniel"]
[Black "Rousseau, Daniel"]
[Result "0-1"]
[WhiteElo "1723"]
[BlackElo "2118"]
[PlyCount "52"]
[GameId "2160767912810653"]
[EventDate "1983.05.13"]
[EventType "swiss"]
[EventRounds "5"]
[EventCountry "CAN"]
[SourceTitle "hb 2011"]

1. e4 c5 2. Nf3 Nc6 3. d4 cxd4 4. Nxd4 Nf6 5. Nc3 d6 6. Bc4 e6 7. Be3 a6 8. Bb3 Be7 9. Qe2 Qc7 10. O-O-O Na5 11. g4 b5 12. g5 Nxb3+ 13. axb3 Nd7 14. Nf5 b4 15. Nd5 exd5 16. exd5 Ne5 17. Nxg7+ Kf8 18. Bd4 Bg4 19. f3 Nxf3 20. Ne6+ fxe6 21. Rhf1 Bxg5+ 22. Kb1 e5 23. Rxf3+ Bxf3 24. Qxf3+ Qf7 25. Qg2 Rg8 26. Bxe5 Bf4 0-1

[Event "Tournoi de l'Est 4"]
[Site "Montreal CAN"]
[Date "1983.05.14"]
[Round "3"]
[White "Rousseau, Daniel"]
[Black "Spraggett, Kevin"]
[Result "0-1"]
[WhiteElo "2118"]
[BlackElo "2541"]
[PlyCount "66"]
[GameId "2160767912810657"]
[EventDate "1983.05.13"]
[EventType "swiss"]
[EventRounds "5"]
[EventCountry "CAN"]
[SourceTitle "EXT 2022"]
[Source "ChessBase"]
[SourceDate "2021.10.06"]
[SourceVersion "1"]
[SourceVersionDate "2021.10.06"]
[SourceQuality "1"]

1. e4 c5 2. Nf3 e6 3. d4 cxd4 4. Nxd4 Nc6 5. Nb5 d6 6. Bf4 e5 7. Be3 a6 8. N5c3 Nf6 9. Bg5 Be7 10. Bxf6 Bxf6 11. Bc4 O-O 12. O-O Be6 13. Nd2 Rc8 14. Bb3 Bg5 15. Nc4 Nd4 16. Qd3 Bh6 17. Rad1 Rc6 18. Rfe1 b5 19. Ne3 Qg5 20. Ned5 Bg4 21. f4 Qd8 22. Rd2 Nxb3 23. axb3 exf4 24. Rf2 Rc5 25. Nxf4 Re5 26. h3 Bc8 27. Rd1 b4 28. Ncd5 a5 29. Qf3 f5 30. exf5 Bxf5 31. Qg3 Bg5 32. Rfd2 Be4 33. Re2 Bxd5 0-1

[Event "Tournoi de l'Est 4"]
[Site "Montreal CAN"]
[Date "1983.05.15"]
[Round "4"]
[White "Di Cecco, Giovanni"]
[Black "Rousseau, Daniel"]
[Result "0-1"]
[WhiteElo "1634"]
[BlackElo "2118"]
[PlyCount "45"]
[GameId "2160767912810659"]
[EventDate "1983.05.13"]
[EventType "swiss"]
[EventRounds "5"]
[EventCountry "CAN"]
[SourceTitle "hb 2011"]

1. e4 Nf6 2. e5 Nd5 3. d4 d6 4. Nf3 Bg4 5. Bc4 e6 6. Nbd2 Nb6 7. Bd3 Be7 8. b3 O-O 9. Bb2 Nc6 10. h3 Bh5 11. g4 Bg6 12. Bxg6 hxg6 13. Qe2 dxe5 14. Nxe5 Nxd4 15. Qe4 c5 16. O-O-O Qd5 17. Qxd5 Nxd5 18. c4 Nb4 19. Ne4 Rad8 20. Kb1 Nbc6 21. Nxc6 Nxc6 22. Rxd8 Rxd8 23. Re1 0-1

[Event "Tournoi de l'Est 4"]
[Site "Montreal CAN"]
[Date "1983.05.15"]
[Round "5"]
[White "Rousseau, Daniel"]
[Black "Guevremont, Grant"]
[Result "1-0"]
[WhiteElo "2144"]
[BlackElo "2040"]
[PlyCount "131"]
[GameId "2160767912810667"]
[EventDate "1983.05.13"]
[EventType "swiss"]
[EventRounds "5"]
[EventCountry "CAN"]
[SourceTitle "hb 2011"]

1. e4 e6 2. d4 d5 3. Nd2 c5 4. exd5 exd5 5. Ngf3 Nf6 6. Bb5+ Bd7 7. Qe2+ Qe7 8. Ne5 Nc6 9. Bxc6 Bxc6 10. O-O Nd7 11. f4 Nxe5 12. fxe5 cxd4 13. Nb3 Qd7 14. Qh5 g6 15. Qf3 Bg7 16. Bg5 O-O 17. Bf6 d3 18. Nd4 Bxf6 19. exf6 dxc2 20. Qf4 Kh8 21. Qh6 Rg8 22. Rf3 Qg4 23. Kh1 Qh5 24. Qd2 Bd7 25. Qxc2 Rac8 26. Qd2 Rge8 27. Raf1 Re4 28. Rf4 Qh6 29. g3 Rce8 30. Qc1 Rxf4 31. Qxf4 Qxf4 32. Rxf4 Re4 33. Rxe4 dxe4 34. Kg2 Bc6 35. a3 g5 36. Kf2 h6 37. Ke3 Bd5 38. Nf5 Kh7 39. Ne7 Be6 40. Kxe4 h5 41. h4 g4 42. Ke5 a5 43. Kd6 b5 44. Kc6 Bc4 45. Kc5 a4 46. Kd4 Be6 47. Kc5 Bc4 48. Kd6 Bb3 49. Nc6 Kg6 50. Ke7 Kf5 51. Nd4+ Kg6 52. Nxb5 Bc4 53. Nc3 Bb3 54. Ne4 Bd1 55. Nc5 Bc2 56. Nd7 Bb3 57. Ne5+ Kf5 58. Nxf7 Ke4 59. Ng5+ Ke3 60. Ne6 Bxe6 61. Kxe6 Kf3 62. f7 Kxg3 63. f8=Q Kxh4 64. Qf4 Kh3 65. Qg5 h4 66. Kf5 1-0

[Event "Quebec-ch qual. 2"]
[Site "Montreal CAN"]
[Date "1983.05.06"]
[Round "1"]
[White "Rousseau, Daniel"]
[Black "Balla, Thomas"]
[Result "1-0"]
[WhiteElo "2105"]
[BlackElo "1828"]
[PlyCount "79"]
[GameId "2160767912810677"]
[EventDate "1983.05.06"]
[EventType "swiss"]
[EventRounds "5"]
[EventCountry "CAN"]
[SourceTitle "hb 2011"]

1. e4 c5 2. Nf3 d6 3. d4 cxd4 4. Nxd4 Nf6 5. Nc3 a6 6. Be2 e5 7. Nb3 Be7 8. a4 Be6 9. f4 Qc7 10. Be3 Nbd7 11. a5 O-O 12. O-O Rfc8 13. Ra4 b5 14. axb6 Nxb6 15. Rxa6 Nc4 16. Rxa8 Rxa8 17. Bc1 Qb6+ 18. Kh1 Ne3 19. Bxe3 Qxe3 20. Rf3 Qb6 21. f5 Bd7 22. Rd3 Bc6 23. Bf3 Qb4 24. Qe2 h6 25. h3 Rd8 26. Rd1 Ra8 27. Rb1 Qb7 28. Nd2 Qb4 29. Qc4 Qxc4 30. Nxc4 Kf8 31. b4 Ke8 32. b5 Bb7 33. Rd1 Rd8 34. Na5 Ba8 35. b6 Rd7 36. Kg1 Kd8 37. Kf2 Ne8 38. Be2 Bf8 39. Bb5 Re7 40. Bc6 1-0

[Event "Quebec-ch qual. 2"]
[Site "Montreal CAN"]
[Date "1983.05.07"]
[Round "2"]
[White "Billard, Michel"]
[Black "Rousseau, Daniel"]
[Result "0-1"]
[WhiteElo "1953"]
[BlackElo "2105"]
[PlyCount "66"]
[GameId "2160767912810679"]
[EventDate "1983.05.06"]
[EventType "swiss"]
[EventRounds "5"]
[EventCountry "CAN"]
[SourceTitle "hb 2011"]

1. e4 e5 2. Nf3 Nc6 3. Bc4 Nf6 4. d4 exd4 5. e5 Ne4 6. O-O Be7 7. Bd5 Nc5 8. Re1 Ne6 9. c3 dxc3 10. Nxc3 O-O 11. Be3 d6 12. Qe2 Nxe5 13. Nd2 c6 14. Bb3 d5 15. f4 Nd7 16. f5 Nec5 17. Bc2 Nf6 18. Bd4 Bd6 19. h3 Bd7 20. Qf2 Na6 21. Kh1 Nb4 22. Bb1 Nh5 23. g4 Nf4 24. Nf3 Nbd3 25. Qf1 Nxe1 26. Qxe1 Nxh3 27. Bc2 c5 28. Bxg7 Kxg7 29. Nxd5 Bc6 30. f6+ Qxf6 31. Qe4 Nf2+ 32. Kg1 Nxe4 33. Nxf6 Nxf6 0-1

[Event "Quebec-ch qual. 2"]
[Site "Montreal CAN"]
[Date "1983.05.07"]
[Round "3"]
[White "Rousseau, Daniel"]
[Black "St Amand, Paul Jr"]
[Result "0-1"]
[WhiteElo "2105"]
[BlackElo "1967"]
[PlyCount "66"]
[GameId "2160767912810681"]
[EventDate "1983.05.06"]
[EventType "swiss"]
[EventRounds "5"]
[EventCountry "CAN"]
[SourceTitle "hb 2011"]

1. e4 e5 2. Nf3 Nc6 3. Bb5 f5 4. d3 d6 5. Nc3 Nf6 6. O-O fxe4 7. dxe4 Be7 8. Bc4 Na5 9. Qe2 Bg4 10. Be3 Qd7 11. Bb5 c6 12. Ba4 b5 13. Nxb5 cxb5 14. Bxb5 Nc6 15. Qc4 Rc8 16. Ng5 d5 17. exd5 Qxd5 18. Qa4 h6 19. h3 Bh5 20. Qa6 Qd7 21. Nf3 Bxf3 22. gxf3 O-O 23. Rad1 Qc7 24. Qa4 Kh8 25. c3 Nd8 26. Qc2 Qb7 27. Be2 Bc5 28. Bc1 Qf7 29. Qf5 Qe6 30. Bd3 Rc6 31. a3 Qe7 32. Rfe1 Nf7 33. b4 g6 0-1

[Event "Quebec-ch qual. 2"]
[Site "Montreal CAN"]
[Date "1983.05.08"]
[Round "4"]
[White "Zalys, Ignas"]
[Black "Rousseau, Daniel"]
[Result "0-1"]
[WhiteElo "1960"]
[BlackElo "2105"]
[PlyCount "42"]
[GameId "2160767912810683"]
[EventDate "1983.05.06"]
[EventType "swiss"]
[EventRounds "5"]
[EventCountry "CAN"]

1. d4 Nf6 2. Nc3 g6 3. e4 d6 4. Nf3 Bg7 5. Be2 O-O 6. O-O c6 7. h3 b5 8. a3 Nbd7 9. Be3 a6 10. Qd2 c5 11. dxc5 Nxc5 12. e5 Nfe4 13. Nxe4 Nxe4 14. Qb4 Bb7 15. exd6 Nxd6 16. Rad1 Qc7 17. c3 Nc4 18. Bg5 Rfe8 19. a4 Qc6 20. Ne1 e5 21. b3 Bf8 0-1

[Event "Quebec-ch qual. 2"]
[Site "Montreal CAN"]
[Date "1983.05.08"]
[Round "5"]
[White "Rousseau, Daniel"]
[Black "Martinez, Jean-Francois"]
[Result "1-0"]
[WhiteElo "2105"]
[BlackElo "1806"]
[PlyCount "44"]
[GameId "2160767912810685"]
[EventDate "1983.05.06"]
[EventType "swiss"]
[EventRounds "5"]
[EventCountry "CAN"]
[SourceTitle "hb 2011"]

1. e4 d6 2. d4 Nf6 3. Nc3 g6 4. Nf3 Bg7 5. Be2 c5 6. d5 O-O 7. O-O a6 8. a4 b6 9. h3 Nbd7 10. Bf4 Qc7 11. Re1 Rd8 12. Nd2 Rb8 13. Nc4 b5 14. axb5 axb5 15. Na5 b4 16. Nb5 Qb6 17. Nc6 Nxe4 18. Bc4 Bxb2 19. Rxe4 Bxa1 20. Qxa1 e5 21. dxe6 Ne5 22. exf7+ Nxf7 1-0

[Event "Specialiste Printanier"]
[Site "Montreal CAN"]
[Date "1983.04.22"]
[Round "1"]
[White "Rousseau, Daniel"]
[Black "Arsenault, Daniel"]
[Result "1-0"]
[WhiteElo "2128"]
[BlackElo "1723"]
[PlyCount "77"]
[GameId "2160767912810696"]
[EventDate "1983.04.22"]
[EventType "swiss"]
[EventRounds "8"]
[EventCountry "CAN"]
[SourceTitle "hb 2011"]

1. e4 c5 2. Nf3 Nc6 3. d4 cxd4 4. Nxd4 Nf6 5. Nc3 e5 6. Ndb5 d6 7. Bg5 a6 8. Na3 Be6 9. Nc4 Rc8 10. Ne3 Ne7 11. Be2 Qb6 12. Qc1 Neg8 13. O-O Qc6 14. f4 d5 15. exd5 Nxd5 16. Bf3 Bc5 17. f5 h6 18. fxe6 fxe6 19. Ncxd5 exd5 20. Bh4 e4 21. Bh5+ Kd7 22. Bg4+ Kc7 23. Bg3+ Kd8 24. Kh1 Ra8 25. Nxd5 Ne7 26. Nc7 Qxc7 27. Bxc7+ Kxc7 28. Qf4+ Kb6 29. b4 Bd4 30. Qd6+ Nc6 31. Rad1 Rad8 32. Bd7 e3 33. Rxd4 Rxd7 34. Qxd7 e2 35. Re1 Rf8 36. Kg1 Nxd4 37. Qxd4+ Kc6 38. Qc5+ Kd7 39. Qxf8 1-0

[Event "Specialiste Printanier"]
[Site "Montreal CAN"]
[Date "1983.04.23"]
[Round "2"]
[White "Campbell, Gaetan"]
[Black "Rousseau, Daniel"]
[Result "0-1"]
[WhiteElo "1317"]
[BlackElo "2128"]
[PlyCount "38"]
[GameId "2160767912810697"]
[EventDate "1983.04.22"]
[EventType "swiss"]
[EventRounds "8"]
[EventCountry "CAN"]
[SourceTitle "hb 2011"]

1. e4 Nf6 2. e5 Nd5 3. d4 d6 4. Nf3 Bg4 5. h3 Bh5 6. g4 Bg6 7. Nh4 e6 8. Nxg6 hxg6 9. Bg2 c6 10. c4 Nb6 11. Qe2 dxe5 12. dxe5 Qd4 13. O-O Qxc4 14. Qf3 N8d7 15. Re1 Nxe5 16. Qe4 Nd3 17. Qxc4 Nxc4 18. Rd1 Nxc1 19. Rxc1 Nxb2 0-1